000
00457nam a2200145Ia 4500
008
100122s9999 xx 000 0 und d
082
_b
8181
_a
640
100
_a
आपटे ना ह
245
_a
सुगरीणीचा संसार
260
_b
आपटे आणि मंडळी
_c
1941
300
_a
60
630
_a
सुगरीणीचा संसार
730
_a
सुगरीणीचा संसार
942
_c
BOOK
999
_c
400561
_d
400558